| 000 | 01048nas a2200361 4500 | ||
|---|---|---|---|
| 001 | BR0602888 | ||
| 003 | BR-BrBNA | ||
| 005 | 20231205110058.0 | ||
| 007 | ta | ||
| 008 | 230509b bl.|||p| |||| 00| 00por d | ||
| 040 |
_aBR-BrBNA _bpor _cBiblioteca Nacional de Agricultura |
||
| 041 | _a(Pt) | ||
| 072 | _aL10 | ||
| 100 | 1 | _aBittencourt, R.F. | |
| 100 | 1 | _aRibeiro, A. de L. | |
| 100 | 1 | _aSantos, A.D.F. | |
| 100 | 1 | _aFurst, R. | |
| 100 | 1 | _aTeixeira, R.B.S. | |
| 100 | 1 | _aChalhoub, M. | |
| 100 | 1 | _aPortela, A.P. | |
| 100 | 1 | _aAlves, S.G.G. | |
| 100 | 1 | _aAlmeida, A.K. | |
| 100 | 1 | _aGuimarães, J.D. | |
| 245 | 1 | _aUtilização de glicerol e etillenoglicol como crioprotetores na congelação do sêmen caprino | |
| 650 | _aCAPRINO | ||
| 650 | _aSÊMEN | ||
| 650 | _aCONGELAMENTO | ||
| 650 | _aGLICERINA | ||
| 650 | _aCRIOPRESERVAÇÃO | ||
| 773 | 0 |
_tCiência Animal Brasileira (Brazil) _xISSN 1518-2797 _g(Jan-Mar 2004), v. 5(1) p. 27-32 _wBR0602888 |
|
| 909 |
_a202311 _bLúcia _c55 _dLúcia Elande |
||
| 942 |
_2AGRIS _n0 _cANA |
||
| 999 |
_c186116 _d186116 |
||